[Event "Mondariz op 9th"]
[Site "Mondariz Balneario"]
[Date "2011.08.26"]
[Round "5.5"]
[White "Gonzalez Roca, Pablo"]
[Black "Suarez Gomez, Julio"]
[Result "1-0"]
[WhiteElo "2071"]
[BlackElo "1819"]
[PlyCount "113"]
[EventDate "2011.08.22"]
[EventType "swiss"]
[EventRounds "7"]
[EventCountry "ESP"]
[SourceTitle "EXT 2024"]
[Source "ChessBase"]
[SourceDate "2023.10.10"]
[SourceVersion "1"]
[SourceVersionDate "2023.10.10"]
[SourceQuality "1"]

1. e4 e6 2. d4 d5 3. Nc3 Bb4 4. e5 Ne7 5. Qg4 c5 6. Qxg7 Rg8 7. Qxh7 cxd4 8. a3 Qa5 9. Rb1 dxc3 10. b3 Bc5 11. Nh3 Qc7 12. f4 Nbc6 13. Ng5 Rf8 14. Qh5 Ng6 15. Bd3 Rg8 16. h4 Bf8 17. Qg4 Bd7 18. h5 Ngxe5 19. fxe5 Qxe5+ 20. Kd1 Bh6 21. Nxf7 Rxg4 22. Nxe5 Nxe5 23. Bxh6 Nxd3 24. cxd3 Rxg2 25. Rc1 d4 26. Rc2 Bc6 27. Rxg2 Bxg2 28. Rg1 Bf3+ 29. Kc2 Kf7 30. Rf1 Rh8 31. Rxf3+ Ke8 32. Bg7 Rxh5 33. Bxd4 Kd7 34. Kxc3 a6 35. Rf7+ Kc6 36. Re7 Rh6 37. a4 Rg6 38. a5 Rh6 39. Bb6 e5 40. Rc7+ Kd6 41. Rxb7 e4 42. dxe4 Rh3+ 43. Kd4 Kc6 44. Rc7+ Kb5 45. Rc3 Rh4 46. Re3 Kc6 47. b4 Rg4 48. Bc5 Rh4 49. Rf3 Rg4 50. Rf6+ Kd7 51. Rxa6 Kc7 52. b5 Kb7 53. Ra7+ Kb8 54. b6 Rg8 55. Kd5 Rg5+ 56. Kc6 Rg6+ 57. Bd6+ 1-0

[Event "Mondariz op 9th"]
[Site "Mondariz Balneario"]
[Date "2011.08.23"]
[Round "2.9"]
[White "Klaversteijn Sozzo, Juan Martin"]
[Black "Gonzalez Roca, Pablo"]
[Result "0-1"]
[WhiteElo "1872"]
[BlackElo "2071"]
[PlyCount "80"]
[EventDate "2011.08.22"]
[EventType "swiss"]
[EventRounds "7"]
[EventCountry "ESP"]
[SourceTitle "EXT 2024"]
[Source "ChessBase"]
[SourceDate "2023.10.10"]
[SourceVersion "1"]
[SourceVersionDate "2023.10.10"]
[SourceQuality "1"]

1. d4 Nf6 2. Nf3 g6 3. c4 Bg7 4. Nc3 0-0 5. e3 d6 6. Be2 Nbd7 7. 0-0 e5 8. b4 Re8 9. dxe5 Ng4 10. Bb2 Ndxe5 11. Nd4 Bh6 12. Nd5 c6 13. Nf4 Qe7 14. b5 Bd7 15. a4 Rad8 16. h3 Nf6 17. Ba3 Bc8 18. Qc2 Qc7 19. Nd3 Bg7 20. Rfd1 c5 21. Nf3 Bf5 22. Nh4 Be4 23. Qc1 Nxd3 24. Bxd3 b6 25. Bb2 d5 26. cxd5 Bxd5 27. Be2 Qe7 28. Nf3 Ne4 29. Bxg7 Kxg7 30. Qb2+ Kg8 31. Nh2 c4 32. Bf3 c3 33. Qc2 Qb4 34. Rdb1 Qc5 35. Ng4 h5 36. Bxe4 hxg4 37. Bxd5 Rxd5 38. Rb3 gxh3 39. Rxc3 Qe7 40. Rc7 Qf6 0-1

[Event "Pedrido Memorial"]
[Site "Vilagarcia de Arousa"]
[Date "2006.08.29"]
[Round "5"]
[White "Carril Gonzalez, Angel"]
[Black "Gonzalez Roca, Pablo"]
[Result "1-0"]
[WhiteElo "2089"]
[BlackElo "1872"]
[PlyCount "45"]
[EventDate "2006.07.25"]
[EventType "swiss"]
[EventRounds "9"]
[EventCountry "ESP"]
[SourceTitle "CBM 113 Extra"]
[Source "ChessBase"]
[SourceDate "2006.09.14"]
[SourceVersion "1"]
[SourceVersionDate "2006.09.14"]
[SourceQuality "1"]

1. e4 c5 2. c3 Nf6 3. e5 Nd5 4. d4 cxd4 5. cxd4 Nc6 6. Nf3 d6 7. exd6 Qxd6 8. Nc3 Bg4 9. Be2 e6 10. 0-0 Be7 11. Be3 0-0 12. Qd2 Rfd8 13. Rfd1 Rac8 14. Rac1 Nf6 15. h3 Bh5 16. Bf4 Qb4 17. a3 Qa5 18. Qe3 Qb6 19. g4 Bg6 20. b4 Rd7 21. g5 Nh5 22. Bh2 Rcd8 23. Na4 1-0

[Event "Burgas op 15th"]
[Site "Ourense"]
[Date "2006.??.??"]
[Round "7"]
[White "Milchev, Nikolay"]
[Black "Gonzalez Roca, Pablo"]
[Result "1-0"]
[WhiteElo "2213"]
[BlackElo "1872"]
[PlyCount "47"]
[EventDate "2006.07.04"]
[EventType "swiss"]
[EventRounds "9"]
[EventCountry "ESP"]
[SourceTitle "CBM 113 Extra"]
[Source "ChessBase"]
[SourceDate "2006.09.14"]
[SourceVersion "1"]
[SourceVersionDate "2006.09.14"]
[SourceQuality "1"]

1. Nf3 Nf6 2. c4 g6 3. Nc3 Bg7 4. e4 d6 5. d4 0-0 6. h3 e5 7. d5 a5 8. Bg5 Nbd7 9. g4 Nc5 10. Nd2 c6 11. Be2 h6 12. Be3 b5 13. dxc6 b4 14. Nb5 Nfxe4 15. Nxe4 Nxe4 16. Bf3 f5 17. Bxe4 fxe4 18. Qd5+ Kh7 19. c7 Qf6 20. Qxa8 Qf3 21. Kd2 Bxg4 22. Qd5 Qe2+ 23. Kc1 Bxh3 24. Nxd6 1-0

[Event "Burgas op 15th"]
[Site "Ourense"]
[Date "2006.??.??"]
[Round "9"]
[White "Vega Gomez, Francisco Borja"]
[Black "Gonzalez Roca, Pablo"]
[Result "1-0"]
[WhiteElo "2061"]
[BlackElo "1872"]
[PlyCount "208"]
[EventDate "2006.07.04"]
[EventType "swiss"]
[EventRounds "9"]
[EventCountry "ESP"]
[SourceTitle "CBM 113 Extra"]
[Source "ChessBase"]
[SourceDate "2006.09.14"]
[SourceVersion "1"]
[SourceVersionDate "2006.09.14"]
[SourceQuality "1"]

1. Nf3 Nf6 2. g3 e6 3. Bg2 d5 4. 0-0 Be7 5. d4 0-0 6. c4 dxc4 7. Ne5 Nc6 8. Bxc6 bxc6 9. Nxc6 Qe8 10. Nxe7+ Qxe7 11. Qa4 a5 12. Qxc4 Ba6 13. Qc2 Rad8 14. f3 Rxd4 15. Be3 Rc4 16. Nc3 Nd5 17. Bf2 Nxc3 18. bxc3 Qa3 19. Rfc1 Rb8 20. Rab1 Rxb1 21. Qxb1 f6 22. Qb8+ Kf7 23. Rd1 Qa4 24. Rd8 Rxc3 25. Rh8 f5 26. Qg8+ Kf6 27. Rxh7 Qd7 28. Ba7 Bxe2 29. Kg2 Bxf3+ 30. Kh3 Bg4+ 31. Kh4 Qe7 32. Rxg7 Rc4 33. Rxe7 Be2+ 34. g4 Kxe7 35. Qg7+ Kd6 36. Qf8+ Ke5 37. h3 fxg4 38. hxg4 Bxg4 39. Kg3 Bf5 40. a3 Kd5 41. Kf3 a4 42. Be3 Be4+ 43. Ke2 Bf5 44. Qd8+ Ke5 45. Qh8+ Kd5 46. Qa8+ Ke5 47. Qa5+ Kd6 48. Bd2 Re4+ 49. Kd1 Rc4 50. Bc3 Rc6 51. Bb4+ Kd7 52. Kd2 Bc2 53. Ke3 Bb3 54. Qg5 Rc4 55. Qe7+ Kc6 56. Qxe6+ Kb7 57. Qe7 Kb6 58. Qd8 Kb7 59. Qd5+ Ka7 60. Qa5+ Kb7 61. Bc3 Kc6 62. Bd4 Kb7 63. Qa7+ Kc8 64. Be5 Kd8 65. Qa5 Kc8 66. Bf4 Kd7 67. Qf5+ Kc6 68. Qf8 Kb7 69. Kf3 Bd1+ 70. Kg3 Bb3 71. Kg4 Bd1+ 72. Kf5 Bb3 73. Ke5 Kc6 74. Be3 Kb7 75. Bd4 Rc2 76. Qb4+ Kc6 77. Qb8 Re2+ 78. Kf5 Rc2 79. Be5 Kd7 80. Qb5+ Kc8 81. Kf6 Kd8 82. Qd3+ Ke8 83. Qd4 Rc4 84. Qa7 Kd7 85. Qe3 Rc2 86. Qg3 Rc6+ 87. Kg7 Rc2 88. Kf8 Kd8 89. Qg5+ Kd7 90. Qf5+ Kc6 91. Qc8 Rf2+ 92. Ke8 Rf7 93. Qa8+ Kb6 94. Bd4+ Kb5 95. Qb7+ Kc4 96. Qb4+ Kd3 97. Be5 Ke2 98. Qe4+ Kd2 99. Bxc7 Kc3 100. Ba5+ Kb2 101. Bb4 Kc1 102. Qe2 Kb1 103. Bc3 Bc2 104. Qxc2+ Kxc2 1-0